[Event "SVK-ch U12"]
[Site "Tatralandia"]
[Date "2024.04.07"]
[Round "4"]
[White "Virostko, Silver"]
[Black "Dubjel, Gregor"]
[Result "0-1"]
[WhiteElo "1000"]
[BlackElo "1000"]
[PlyCount "66"]
[EventDate "2024.04.05"]
[EventType "swiss"]
[EventRounds "9"]
[EventCountry "SVK"]
[SourceTitle "CB16_2024"]
[SourceDate "2024.04.17"]
[SourceVersion "1"]
[SourceVersionDate "2024.04.17"]
[SourceQuality "1"]

1. e4 e5 2. Nf3 Nc6 3. Bc4 Nf6 4. Ng5 d5 5. exd5 Nxd5 6. 0-0 Qxg5 7. Bxd5 Bh3 8. Qf3 Nd4 9. Qxf7+ Kd8 10. a4 Ne2+ 11. Kh1 Bxg2+ 12. Bxg2 Qxg2+ 13. Kxg2 Nd4 14. Ra3 Bxa3 15. Qxg7 Rf8 16. bxa3 Ne6 17. Qxh7 Kc8 18. c3 b6 19. d4 exd4 20. cxd4 Nxd4 21. Qg7 Ne6 22. Rd1 Nxg7 23. Bh6 Rg8 24. Re1 Nf5+ 25. Kf1 Nxh6 26. Nc3 Kd7 27. Rd1+ Kc6 28. Ne4 Ng4 29. Rc1+ Kd5 30. Nc3+ Kd6 31. Rd1+ Kc6 32. Rd2 Rae8 33. h3 Nh2# 0-1

[Event "SVK-ch U12"]
[Site "Tatralandia"]
[Date "2024.04.06"]
[Round "2"]
[White "Vengrin, Leo"]
[Black "Dubjel, Gregor"]
[Result "0-1"]
[WhiteElo "1000"]
[BlackElo "1000"]
[PlyCount "178"]
[EventDate "2024.04.05"]
[EventType "swiss"]
[EventRounds "9"]
[EventCountry "SVK"]
[SourceTitle "CB16_2024"]
[SourceDate "2024.04.17"]
[SourceVersion "1"]
[SourceVersionDate "2024.04.17"]
[SourceQuality "1"]

1. c4 e5 2. e4 Nf6 3. Nc3 Nc6 4. g3 Bc5 5. Bg2 0-0 6. Nf3 d6 7. 0-0 Bg4 8. d3 Nd4 9. Bg5 Qd7 10. Nb5 Nxf3+ 11. Bxf3 Bh3 12. Re1 Ng4 13. Qa4 Bxf2+ 14. Kh1 h6 15. Re2 hxg5 16. Bxg4 Qxg4 17. Rxf2 Kh7 18. Nxc7 Rac8 19. Qa5 f5 20. Ne6 Rf6 21. Qd5 f4 22. Qxb7 Rxe6 23. Qxc8 fxg3 24. Rf5 Qe2 25. Rg1 gxh2 26. Rfxg5 hxg1Q+ 27. Rxg1 Rh6 28. Rxg7+ Kxg7 29. Qc7+ Kh8 30. Qd8+ Kg7 31. Qe7+ Kg6 32. Qxd6+ Be6+ 33. Kg1 Kf6 34. Qf8+ Kg6 35. Qe8+ Bf7 36. Qxe5 Qg4+ 37. Kf1 Rh1+ 38. Kf2 Bxc4 39. Qg3 Qxg3+ 40. Kxg3 Kg5 41. Kf3 Bxd3 42. Ke3 Rh3+ 43. Kd4 Bxe4 44. Kxe4 Rh2 45. b4 Rd2 46. a4 Kf6 47. b5 Rb2 48. Kd4 a6 49. Kc5 axb5 50. axb5 Ke7 51. Kc6 Kd8 52. b6 Kc8 53. Kc5 Rd2 54. Kc6 Rd3 55. b7+ Kb8 56. Kb6 Rb3+ 57. Kc6 Rb2 58. Kc5 Kxb7 59. Kc4 Rd2 60. Kc3 Rd8 61. Kc4 Kc7 62. Kc5 Kd7 63. Kd5 Ra8 64. Kc5 Ra6 65. Kb5 Rh6 66. Kc5 Rg6 67. Kd5 Rg5+ 68. Ke4 Ke6 69. Kf4 Ra5 70. Ke4 Ra4+ 71. Kd3 Kd5 72. Kc3 Rh4 73. Kb3 Kc5 74. Ka3 Kb5 75. Kb3 Rh3+ 76. Kc2 Kc4 77. Kd2 Ra3 78. Ke2 Kd4 79. Kf2 Ke4 80. Kg2 Kf4 81. Kh2 Kg4 82. Kg1 Ra2 83. Kf1 Kf3 84. Ke1 Rh2 85. Kd1 Ke3 86. Kc1 Kd3 87. Kb1 Kc3 88. Ka1 Kb3 89. Kb1 Rh1# 0-1